[Event "SVK-chT1E 1516"]
[Site "Slovakia"]
[Date "2015.12.13"]
[Round "6.4"]
[White "Mrva, Vladimir"]
[Black "Lasanda, Michal"]
[Result "1-0"]
[WhiteElo "2106"]
[BlackElo "2164"]
[PlyCount "135"]
[EventDate "2015.10.24"]
[EventType "team-tourn"]
[EventRounds "11"]
[EventCountry "SVK"]
[SourceTitle "CBM 170 Extra"]
[Source "ChessBase"]
[SourceDate "2016.02.25"]
[SourceVersion "1"]
[SourceVersionDate "2016.02.25"]
[SourceQuality "1"]
[WhiteTeam "Sabinov"]
[BlackTeam "Michalovce Zemplin"]
[WhiteTeamCountry "SVK"]
[BlackTeamCountry "SVK"]

1. e4 c5 2. Nf3 Nc6 3. Bb5 g6 4. 0-0 Bg7 5. c3 Nf6 6. Re1 0-0 7. h3 Qc7 8. Bf1 e5 9. Na3 d5 10. d3 a6 11. Bg5 Be6 12. Qc1 Rfe8 13. Bh6 Bh8 14. Ng5 Bd7 15. Nc2 Nd8 16. Be2 Bc6 17. Bf3 dxe4 18. dxe4 Nd7 19. h4 f6 20. Nh3 Nf7 21. Bd2 b5 22. Bg4 Nb6 23. b3 Nd6 24. Bf3 Rad8 25. h5 Qb7 26. Be3 Nd7 27. Rd1 Nxe4 28. Ne1 c4 29. bxc4 bxc4 30. Rb1 Qc7 31. Qa3 a5 32. Be2 Ba8 33. hxg6 hxg6 34. Rb5 a4 35. Rb4 Bg7 36. Rxc4 Qa5 37. Qb4 Qxb4 38. cxb4 Bf8 39. a3 f5 40. Rc7 Ndf6 41. Rxd8 Rxd8 42. Ng5 Bd5 43. Nxe4 Nxe4 44. Nd3 Bd6 45. Rc1 Bb3 46. Bb6 Rb8 47. Bc7 Rc8 48. Bxd6 Rxc1+ 49. Nxc1 Nxd6 50. Kf1 Kf7 51. Ke1 Bd5 52. f3 e4 53. Kd2 g5 54. fxe4 fxe4 55. Bd1 Bc6 56. Be2 Bd5 57. Bd1 Nc4+ 58. Kc3 Ne3 59. Bxa4 Nxg2 60. Kd4 Ke6 61. Bc2 e3 62. Be4 Bxe4 63. Kxe4 Ne1 64. a4 Nc2 65. b5 Kd6 66. Kd3 Nb4+ 67. Kxe3 Kc5 68. Nd3+ 1-0

[Event "SVK-chT2D 1516"]
[Site "Slovakia"]
[Date "2015.12.05"]
[Round "5.2"]
[White "Demeter, Peter"]
[Black "Mrva, Vladimir"]
[Result "1-0"]
[WhiteElo "2196"]
[BlackElo "2083"]
[PlyCount "61"]
[EventDate "2015.10.17"]
[EventType "team-tourn"]
[EventRounds "11"]
[EventCountry "SVK"]
[SourceTitle "CBM 170 Extra"]
[Source "ChessBase"]
[SourceDate "2016.02.25"]
[SourceVersion "1"]
[SourceVersionDate "2016.02.25"]
[SourceQuality "1"]
[WhiteTeam "Presov Tatran"]
[BlackTeam "Sabinov II"]
[WhiteTeamCountry "SVK"]
[BlackTeamCountry "SVK"]

1. c4 Nf6 2. Nc3 c6 3. e4 e5 4. Nf3 Qc7 5. g3 d6 6. Bg2 Be7 7. 0-0 Be6 8. b3 c5 9. Ng5 Bd7 10. f4 h6 11. fxe5 dxe5 12. Nf3 Nc6 13. d3 Qd6 14. Nb5 Qb8 15. h3 a6 16. Nc3 Qd6 17. Be3 0-0-0 18. Nd5 g5 19. Nd2 Rh7 20. a3 Nd4 21. b4 Nxd5 22. cxd5 cxb4 23. Nc4 Qc7 24. Bxd4 exd4 25. e5 Bf8 26. axb4 Kb8 27. Qf3 Bc8 28. d6 Qd7 29. Rxa6 g4 30. Rfa1 gxf3 31. Ra8# 1-0

[Event "SVK-chT2D 1516"]
[Site "Slovakia"]
[Date "2015.10.18"]
[Round "2.2"]
[White "Mrva, Vladimir"]
[Black "Sepesi, Samuel"]
[Result "1-0"]
[WhiteElo "2106"]
[BlackElo "2127"]
[PlyCount "103"]
[EventDate "2015.10.17"]
[EventType "team-tourn"]
[EventRounds "11"]
[EventCountry "SVK"]
[SourceTitle "CBM 169 Extra"]
[Source "ChessBase"]
[SourceDate "2015.12.18"]
[SourceVersion "1"]
[SourceVersionDate "2015.12.18"]
[SourceQuality "1"]
[WhiteTeam "Sabinov II"]
[BlackTeam "Kosice 1 CC"]
[WhiteTeamCountry "SVK"]
[BlackTeamCountry "SVK"]

1. e4 c5 2. Nf3 d6 3. Bb5+ Bd7 4. Bxd7+ Qxd7 5. c4 g6 6. d4 cxd4 7. Nxd4 Bg7 8. Be3 Qc7 9. Nc3 Nc6 10. 0-0 Nf6 11. Nd5 Qa5 12. b4 Nxb4 13. Nb3 Qa4 14. Nc7+ Kd8 15. Nxa8 Kc8 16. a3 Nc6 17. Nd4 Qxd1 18. Raxd1 Kb8 19. Nxc6+ bxc6 20. e5 dxe5 21. Nb6 axb6 22. Bxb6 Kb7 23. Bc5 e6 24. f3 Ra8 25. Rfe1 Ra4 26. Bb4 Kb6 27. Rb1 Kc7 28. Rxe5 Nd5 29. Ree1 Bd4+ 30. Kh1 Ne3 31. c5 Nd5 32. Rec1 e5 33. g3 f5 34. Kg2 Kd7 35. Kf1 Ke6 36. Ke2 Nxb4 37. axb4 Ra2+ 38. Kd3 Kd5 39. Rc2 Ra3+ 40. Kd2 Rxf3 41. Ke1 f4 42. gxf4 exf4 43. b5 cxb5 44. Rxb5 Kc6 45. Rb6+ Kc7 46. Re6 Rd3 47. c6 f3 48. Re7+ Kd6 49. Rd7+ Ke5 50. Rxd4 Kxd4 51. c7 f2+ 52. Kxf2 1-0

[Event "SVK-chT2D 1516"]
[Site "Slovakia"]
[Date "2015.10.17"]
[Round "1.2"]
[White "Jurov, Pavol"]
[Black "Mrva, Vladimir"]
[Result "1-0"]
[WhiteElo "1982"]
[BlackElo "2106"]
[PlyCount "139"]
[EventDate "2015.10.17"]
[EventType "team-tourn"]
[EventRounds "11"]
[EventCountry "SVK"]
[SourceTitle "CBM 169 Extra"]
[Source "ChessBase"]
[SourceDate "2015.12.18"]
[SourceVersion "1"]
[SourceVersionDate "2015.12.18"]
[SourceQuality "1"]
[WhiteTeam "Kosice Dynamo"]
[BlackTeam "Sabinov II"]
[WhiteTeamCountry "SVK"]
[BlackTeamCountry "SVK"]

1. c4 Nf6 2. Nc3 e6 3. e4 d5 4. e5 Ne4 5. Nxe4 dxe4 6. Qg4 Nc6 7. Qxe4 Qd4 8. Qxd4 Nxd4 9. Bd3 Bd7 10. Ne2 Bc5 11. b4 Nxe2 12. bxc5 Nf4 13. Be4 Bc6 14. d4 Bxe4 15. Bxf4 0-0-0 16. Be3 Bd3 17. Rc1 c6 18. Kd2 Bg6 19. Kc3 h6 20. a4 Kc7 21. a5 a6 22. Rhd1 Rd7 23. Rd2 Rhd8 24. Rcd1 Kc8 25. f3 Bh7 26. h4 Bg6 27. Rb2 Re8 28. Rdd2 Red8 29. Rb6 Kb8 30. Rdb2 Ka7 31. Bf2 Rb8 32. g4 h5 33. Be3 hxg4 34. fxg4 Be4 35. Rf2 Rbd8 36. Bg5 Rc8 37. Rf4 Bh7 38. Rb2 Kb8 39. Rg2 Rcc7 40. h5 Bb1 41. Rf1 Bh7 42. Rgf2 Ka8 43. Be3 Be4 44. g5 Bf5 45. Rxf5 exf5 46. Rxf5 Rc8 47. Kd3 Re8 48. Ke4 Kb8 49. h6 g6 50. Rf6 Rde7 51. Bf4 Kc8 52. d5 cxd5+ 53. cxd5 Rc7 54. Kd4 Rd7 55. c6 bxc6 56. Rxc6+ Kb7 57. Rb6+ Ka7 58. Ke4 Rb7 59. Rxb7+ Kxb7 60. e6 fxe6 61. Be5 exd5+ 62. Kxd5 Rd8+ 63. Ke6 Re8+ 64. Kf6 Kc6 65. Bc3 Kd5 66. Kxg6 Kc4 67. Bf6 Kb5 68. h7 Kxa5 69. h8Q Rxh8 70. Bxh8 1-0

[Event "SVK-chT1E 1415"]
[Site "Slovakia"]
[Date "2015.01.11"]
[Round "6.5"]
[White "Najgebauer, Szemjon"]
[Black "Mrva, Vladimir"]
[Result "1/2-1/2"]
[WhiteElo "2273"]
[BlackElo "2142"]
[PlyCount "101"]
[EventDate "2014.10.18"]
[EventType "team-tourn"]
[EventRounds "11"]
[EventCountry "SVK"]
[SourceTitle "EXT 2016"]
[Source "ChessBase"]
[SourceDate "2015.10.08"]
[SourceVersion "1"]
[SourceVersionDate "2015.10.08"]
[SourceQuality "1"]
[WhiteTeam "Michalovce Zemplin"]
[BlackTeam "Sabinov"]
[WhiteTeamCountry "SVK"]
[BlackTeamCountry "SVK"]

1. d4 Nf6 2. Nf3 e6 3. c4 b6 4. a3 Bb7 5. Nc3 d5 6. cxd5 exd5 7. Bf4 a6 8. e3 Bd6 9. Bd3 Bxf4 10. exf4 Qe7+ 11. Ne5 Nfd7 12. 0-0 Nxe5 13. fxe5 c5 14. Qg4 0-0 15. Rae1 Rd8 16. f4 cxd4 17. Ne2 Nc6 18. Ng3 Bc8 19. Qe2 Qh4 20. Rc1 Bg4 21. Qf2 Rdc8 22. h3 Bd7 23. Qf3 Ne7 24. Rce1 Bb5 25. Ne2 Bxd3 26. Qxd3 Nc6 27. Kh2 Qe7 28. Rc1 b5 29. Nxd4 Nxd4 30. Qxd4 Qd7 31. Rfd1 Rxc1 32. Rxc1 g6 33. b4 Rd8 34. Qb6 d4 35. Rc7 Qd5 36. Qf6 Re8 37. h4 h5 38. Rc6 d3 39. Rd6 Qe4 40. e6 Rxe6 41. Rd8+ Re8 42. Rd7 Qc4 43. Rd4 Qc3 44. f5 Qc7+ 45. Rd6 gxf5 46. Qg5+ Kf8 47. Qh6+ Ke7 48. Qf6+ Kf8 49. Qh8+ Ke7 50. Qf6+ Kf8 51. Qh8+ 1/2-1/2

[Event "SVK-chT1E 1415"]
[Site "Slovakia"]
[Date "2014.11.30"]
[Round "4.4"]
[White "Konak, Jan"]
[Black "Mrva, Vladimir"]
[Result "1/2-1/2"]
[WhiteElo "2132"]
[BlackElo "2142"]
[PlyCount "41"]
[EventDate "2014.10.18"]
[EventType "team-tourn"]
[EventRounds "11"]
[EventCountry "SVK"]
[SourceTitle "EXT 2016"]
[Source "ChessBase"]
[SourceDate "2015.10.08"]
[SourceVersion "1"]
[SourceVersionDate "2015.10.08"]
[SourceQuality "1"]
[WhiteTeam "Kezmarok"]
[BlackTeam "Sabinov"]
[WhiteTeamCountry "SVK"]
[BlackTeamCountry "SVK"]

1. d4 Nf6 2. c4 e6 3. Nf3 b6 4. Bf4 Bb7 5. e3 Nh5 6. Be2 Nxf4 7. exf4 Bb4+ 8. Nbd2 Qf6 9. a3 Be7 10. g3 c5 11. 0-0 cxd4 12. Ne5 Nc6 13. Bf3 0-0-0 14. Qa4 Nxe5 15. fxe5 Qxe5 16. Qxa7 Bxf3 17. Nxf3 Qe4 18. Qa6+ Kc7 19. Qa7+ Kc8 20. Qa6+ Kc7 21. Qa7+ 1/2-1/2